000
00320nam a2200121Ia 4500
008
220204s9999 xx 000 0 und d
082
_b
JAG.1
245
0
_a
Jaggi's commentaries on motor vehicle laws including rules. V 1
250
_a
5
260
_a
Allahabad
_b
Law
_c
1978
650
_a
Motor vehicle rules
942
_c
BK
999
_c
29443
_d
29443